Sara Teasdale, woman & poet /

Bibliographic Details
Main Author: Drake, William
Format: Book
Language:English
Published: San Francisco : Harper & Row, [1979]
Edition:1st ed.
Subjects:

MARC

Tag First Indicator Second Indicator Subfields
LEADER 00000cam a2200000 i 4500
001 in00000033539
005 20151007061851.0
008 800604s1979 cauaf b 00110beng
010 |a  79001776  
019 |a 5699455 
035 |a (OCoLC)05699435 
035 |9 AAD3324AM 
040 |a DLC  |c DLC  |d TXA  |d UtOrBLW 
049 |a TXAM  |c [1191161] 
050 0 0 |a PS3539.E15  |b Z64 1979 
082 0 |a 811/.5/2  |a B 
100 1 |a Drake, William. 
245 1 0 |a Sara Teasdale, woman & poet /  |c William Drake. 
250 |a 1st ed. 
264 1 |a San Francisco :  |b Harper & Row,  |c [1979] 
264 4 |c ©1979 
300 |a xiv, 304 pages, 4 unnumbered leaves of plates :  |b illustrations ;  |c 24 cm. 
336 |a text  |b txt  |2 rdacontent 
337 |a unmediated  |b n  |2 rdamedia 
338 |a volume  |b nc  |2 rdacarrier 
504 |a Includes bibliographical references and index. 
600 1 0 |a Teasdale, Sara,  |d 1884-1933. 
650 0 |a Poets, American  |y 20th century  |v Biography. 
999 |a MARS 
999 f f |s bbc9af3d-1ba0-30b3-bbca-2935091c6e19  |i 696c5797-77f3-325e-aa78-9a8664711740  |t 0 
952 f f |p ric  |a Texas A&M University  |b Rellis Campus  |c Joint Library Facility  |d Remote Storage  |t 0  |e PS3539.E15 Z64 1979  |h Library of Congress classification  |i unmediated -- volume  |m A14804112262 
998 f f |a PS3539.E15 Z64 1979  |t 0  |l Remote Storage